Dr. Seuss Books per Letter Quiz Stats

 Plays Quiz Updated Feb 22, 2012

Challenge
Share
Tweet
Embed
Score 0/20 Timer 06:00
0 Plays Today
Letter Title % Correct
C'The Cat in the Hat', 'Circus McGurkus 1, 2, 3!' 'The Cat's Quizzer'...
87.1%
H'How the Grinch Stole Christmas', 'Horton Hears A Who!', 'Hop on Pop'...
84%
G'Green Eggs and Ham', 'Gerald McBoing Boing' & 'Great Day for Up!'
78%
#'The 500 Hats of Bartholomew Cubbins', 'One Fish Two Fish Red Fish Blue Fish', 'Ten Apples Up on Top!'...
61.4%
L'The Lorax'
54.6%
O'Oh, the Places You’ll Go!', 'On Beyond Zebra!', 'Oh, the Thinks You Can Think!'...
53.8%
Y'Yertle the Turtle and Other Stories' & 'You're Only Old Once'
44.9%
F'The Foot Book' & 'Fox in Socks'
39.2%
I'If I Ran the Circus', 'If I Ran the Zoo', 'I Wish That I Had Duck Feet'...
33.8%
A'And To Think That I Saw It On Mulberry Street' & 'All Aboard the Circus McGurkus'
25.2%
Letter Title % Correct
M'McElligot’s Pool', 'My Book About Me', 'Mr. Brown Can Moo! Can You?'...
23.7%
B'Bartholomew and the Oobleck' & 'The Butter Battle Book'
22.9%
T'There’s a Wocket in My Pocket', 'Thidwick the Big-Hearted Moose', 'The Tooth Book'...
22.2%
S'Scrambled Eggs Super!', 'The Shape of Me' & 'The Sneetches and Other Stories'
22%
D'Daisy-Head Mayzie', 'Dr. Seuss’s ABC', 'Did I Ever Tell You How Lucky You Are?'...
11.3%
W'Would You Rather Be a Bullfrog?', 'Wacky Wednesday', 'Wet Pet, Dry Pet, Your Pet, My Pet'...
9.2%
K'The King’s Stilts'
7.2%
E'The Eye Book'
6%
P'Please Try to Remember the First of Octember!'
2.5%
U'Up, Up, Up with the Cat'
1.8%

You're not logged in!

Compare scores with friends on all Sporcle quizzes.
Join for Free
OR
Log In

You Might Also Like...

Show Comments

Extras

Top Quizzes Today


Score Distribution

Your Account Isn't Verified!

In order to create a playlist on Sporcle, you need to verify the email address you used during registration. Go to your Sporcle Settings to finish the process.

Report this User

Report this user for behavior that violates our Community Guidelines.

Details: